| 000 | 00641nam a2200217Ia 4500 | ||
|---|---|---|---|
| 005 | 20260429111955.0 | ||
| 008 | 260429s9999||||xx |||||||||||||| ||und|| | ||
| 020 | _a9789811270666 | ||
| 041 | _aEnglish | ||
| 082 |
_a530.44 _bIRI |
||
| 100 | _aIrimiciuc, Stefan Andrei | ||
| 245 | 0 |
_aInsight on multifractal dynamics of ns-laser produced plasmas / _cStefan Andrei Irimiciuc |
|
| 260 |
_aSingapore : _bWorld Scientific Publishing, _c2024. |
||
| 300 | _aviii, 224 p.; hb | ||
| 650 | _a Multifractal dynamics | ||
| 650 | _a Plasma physics | ||
| 650 | _aPhysics | ||
| 700 | _a Agop, Maricel | ||
| 700 | _a Merches, Ioan | ||
| 942 | _cTB | ||
| 999 |
_c51697 _d51697 |
||